00686nam a22002177a 450000500170000001000130001702000220003003500130005203700160006504000120008108200130009310000290010624501050013524600060024026000450024627000460029130000250033750000500036265000330041265000230044520170124105935.0 aA-427001 c00.00a8170186021 aA-427001 bCen Lib/Ret aDPLbEN a371bBAN aBanerjee, Brojendra Nath aEducation cannot wait : cby Brojendra Nath Banerjeeba critical study of the new education policy / b  bB.R. Publishing CorporationaDelhic1990 bDelhia1, Ansari Road, Darya Ganje110002 aviii,375p.c22cm(Hb) aIncludes bibliographical references and index aEducation and state -- India aEducation -- India